000 00767nam a22002537a 4500
003 OSt
005 20250627124830.0
008 200212s2010 ck ||||er|||| 00| p spa d
020 _a201809866
040 _aCO-JMCR
_cCO-JMCR
041 0 _aspa
082 0 4 _aA-P
_bHERc
100 1 _aHernández, Óscar,
_eautor
_9499
245 1 _aLas contadas palabras :
_bantología /
_cÓscar Hernández
250 _aPrimera edición
260 _aBogotá :
_bUniversidad Externado de Colombia,
_c2010
300 _a71 páginas ;
_c15 cm.
490 0 _aUn libro por centavos ;
_vN° 63
500 _aIncluye datos biográficos del autor.
650 1 4 _aPoesía colombiana
_9500
650 1 4 _aVida
_xpoesías
_9501
650 1 4 _aSoledad
_xpoesías
_9502
942 _2ddc
_cBK
999 _c6502
_d6502